| 000 | 00624nam a2200193Ia 4500 | ||
|---|---|---|---|
| 003 | OSt | ||
| 005 | 20260424123914.0 | ||
| 008 | 210210b1986 xxu||||| |||| 00| 0 eng d | ||
| 040 | _cAL | ||
| 041 | _aKannada | ||
| 082 | _a294.5092K KUPS | ||
| 100 |
_aKUPPANNACHARYA (P). _dಕುಪ್ಪಣ್ಣಾಚಾರ್ಯ (ಪಿ) _9262595 |
||
| 245 |
_aShrimanmadhavacharyaru: jivanavratta. _bಶ್ರೀಮನ್ಮಧ್ವಾಚಾರ್ಯರು: ಜೀವನವೃತ್ತ |
||
| 260 |
_aKinnigoli _bYugapurusha Prakatanalaya _c1986 |
||
| 300 | _a105 | ||
| 690 |
_aHinduism _9262596 |
||
| 906 | _a040266 | ||
| 942 |
_2ddc _cBK |
||
| 999 |
_c90159 _d90159 |
||